Are You Willing to Help a Classmate even When You Have to Give away Something? Altruistic and Egoistic Behaviour in Groups
Enregistré dans:
| Auteur principal: | |
|---|---|
| Format: | Chapitre de livre |
| Langue: | anglais |
| Sujets: | |
| Tags: |
Pas de tags, Soyez le premier à ajouter un tag!
|
MARC
| LEADER | 00000naa$a2200000$$$4500 | ||
|---|---|---|---|
| 001 | 0248059 | ||
| 005 | 20240502073951.7 | ||
| 041 | 0 | |a eng | |
| 044 | |a SK | ||
| 245 | 1 | 0 | |a Are You Willing to Help a Classmate even When You Have to Give away Something? Altruistic and Egoistic Behaviour in Groups |c Martina Fehérová |
| 500 | |a Abstrakt | ||
| 610 | 2 | 0 | |a ekonómia experimentálna |
| 610 | 2 | 0 | |a správanie |
| 610 | 2 | 0 | |a altruizmus |
| 610 | 2 | 0 | |a rozhodovanie skupinové |
| 610 | 2 | 0 | |a vzťahy medziľudské |
| 100 | 1 | |a Fehérová, Martina, 1992- | |